banner koha

Efeito do espacamento e densidade de plantio de trigo (Triticum aestivum L.), sobre o rendimento e algumas caracteristicas agronomicas [Parana, Brasil] (Registro n. 313521)

MARC details
000 -LÍDER
campo de controle de tamanho fixo 01110naa a22003017a 4500
001 - NÚMERO DE CONTROLE
campo de controle BR8104564
003 - IDENTIFICADOR DO NÚMERO DE CONTROLE
campo de controle BR-BrBNA
005 - DATA E HORÁRIO DA ÚLTIMA TRANSAÇÃO
campo de controle 20240918174758.0
007 - CAMPO FIXO DE DESCRIÇÃO FÍSICA--INFORMAÇÃO GERAL
campo de controle de tamanho fixo ta
008 - CAMPO DE DADOS FIXOS--INFORMAÇÃO GERAL
campo de controle de tamanho fixo 230509b bl.||||| |||| 00| 0 por d
040 ## - FONTE DA CATALOGAÇÃO
Instituição da catalogação original BR-BrBNA
Idioma da catalogação por
Instituição que transcreveu o registro Biblioteca Nacional de Agricultura
041 ## - CÓDIGO DE IDIOMA
Código do idioma do texto/trilha sonora ou título diferente (Pt)
072 ## - CÓDIGO DE CATEGORIA DE ASSUNTO
Código de Categoria de Assunto F00
Código do objeto 0180
-- G514
090 ## - NÚMERO DE CHAMADA LOCAL
Número de chamada F00 BR8104564
100 1# - ENTRADA PRINCIPAL--NOME PESSOAL
Nome pessoal Oliveira, E.F. de
100 1# - ENTRADA PRINCIPAL--NOME PESSOAL
Nome pessoal Bego, A.
245 1# - TÍTULO
Título Efeito do espacamento e densidade de plantio de trigo (Triticum aestivum L.), sobre o rendimento e algumas caracteristicas agronomicas [Parana, Brasil]
260 3# - PUBLICAÇÃO, DISTRIBUIÇÃO, ETC.
Local de publicação, distribuição, etc. Cascavel, PR (Brasil):
Data da publicação, distribuição, etc. 1981.
500 ## - NOTA GERAL
Nota geral Resultados de pesquisa com trigo e triticale nos anos de 1979 e 1980<br/>Cascavel, PR (Brasil): 1981. p. 187-197<br/>(BR8104564-AM)F00<br/>
650 ## - ASSUNTO--TERMO TÓPICO
Cabeçalho tópico ou nome geográfico ESPACAMENTO
650 ## - ASSUNTO--TERMO TÓPICO
Cabeçalho tópico ou nome geográfico TRIGO
650 ## - ASSUNTO--TERMO TÓPICO
Cabeçalho tópico ou nome geográfico DENSIDADE DE PLANTIO
650 ## - ASSUNTO--TERMO TÓPICO
Cabeçalho tópico ou nome geográfico RENDIMENTO
650 ## - ASSUNTO--TERMO TÓPICO
Cabeçalho tópico ou nome geográfico PARANA
773 0# - ENTRADA ANALÍTICA
Título Resultados de pesquisa com trigo e triticale nos anos de 1979 e 1980
Número de controle do registro F00 BR8104564
Partes relacionadas Cascavel, PR (Brasil), 1981. p. 187-197
909 ## -
-- 202404
-- Lucia
-- 55
-- Lucia Elande
942 ## - ELEMENTOS DE ENTRADA ADICIONADOS (KOHA)
Tipo de material Koha Capítulo-Livro
Fonte da classificação ou esquema de arquivamento na estante Classificação AGRIS
Exemplares
Situação do descarte Fonte da classificação ou esquema de arquivamento na estante Situação física Não pode ser emprestado Coleção Biblioteca de origem Biblioteca atual Localização na estante Total de empréstimos Número de telefone completo Data de último acesso Número do exemplar Tipo de material Koha Situação das perdas Data de aquisição Fonte de aquisição
  Classificação AGRIS       Biblioteca Nacional de Agricultura - Binagri Biblioteca Nacional de Agricultura - Binagri Agrobase - Acervo Geral   0180 BR9511399 20/05/2024 01 Capítulo-Livro   2024-04-11 Portaria Interministerial nº 164/94

BINAGRI

Telefone: (61)3218-2567/2388/3357/2097 - binagri@agro.gov.br

Ministério da Agricultura e Pecuária , Esplanada dos Ministérios, Bloco D, Anexo B, Brasília/DF, CEP: 70.043-900